|
|
|
|
| LEADER |
00000nam a2200000 i 4500 |
| 001 |
ELB59005 |
| 003 |
FlNmELB |
| 005 |
20190326094809 |
| 006 |
m o u |
| 007 |
cr cn||||||||| |
| 008 |
190320s2018 sp ob 000 0 spa d |
| 020 |
|
|
|a 9788491486398
|q (electronic bk.)
|
| 035 |
|
|
|a (OCoLC)1145081711
|
| 040 |
|
|
|a FINmELB
|b spa
|e rda
|c FINmELB
|
| 050 |
1 |
4 |
|a HV6433.S7
|b S487 2018
|
| 080 |
|
|
|a 323.28
|
| 082 |
0 |
4 |
|a 363.3250946
|2 23
|
| 100 |
1 |
|
|a Serranó, Agata.
|
| 245 |
1 |
0 |
|a Sobre el terrorismo :
|b una reflexión contra la impunidad /
|c Agata Serran.̣
|
| 264 |
|
1 |
|a Madrid :
|b Dykinson,
|c 2018.
|
| 300 |
|
|
|a 1 recurso en línea (104 páginas)
|
| 336 |
|
|
|a texto
|b txt
|2 rdacontent/spa
|
| 337 |
|
|
|a computadora
|b c
|2 rdamedia/spa
|
| 338 |
|
|
|a recurso en línea
|b cr
|2 rdacarrier/spa
|
| 504 |
|
|
|a Incluye bibliografía.
|
| 588 |
|
|
|a Descripción basada en recurso en línea; Título de la página del título en PDF (elibro, visto el 20 de marzo, 2019).
|
| 590 |
|
|
|a Recurso electrónico. Santa Fe, Arg.: elibro, 2019. Disponible vía World Wide Web. El acceso puede estar limitado para las bibliotecas afiliadas a elibro.
|
| 650 |
|
4 |
|a Terrorismo
|z España.
|
| 650 |
|
0 |
|a Terrorism
|z Spain.
|
| 655 |
|
4 |
|a Libros electrónicos.
|
| 797 |
2 |
|
|a e-libro, Corp.
|
| 856 |
4 |
0 |
|u https://elibro.uam.elogim.com/ereader/bidiuam/59005
|z Texto completo
|